| 000 | 00618nam a2200181Ia 4500 | ||
|---|---|---|---|
| 008 | 151121s9999||||xx |||||||||||||| ||und|| | ||
| 082 | _a781/गोवर्ध | ||
| 082 | _bHNW-58472 | ||
| 100 | _aगोवर्धन शान्ति | ||
| 245 | _aसंगीत शास्त्र दर्पण | ||
| 260 | _c-- | ||
| 300 | _a160 | ||
| 600 | _aगोवर्धन शान्ति | ||
| 630 | _aसंगीत शास्त्र दर्पण | ||
| 700 | _aगोवर्धन शान्ति | ||
| 730 | _aसंगीत शास्त्र दर्पण | ||
| 942 | _cBOOK | ||
| 999 |
_c1240296 _d1240293 |
||